|
|
|
|
| LEADER |
00000cam a2200000 a 4500 |
| 001 |
85596 |
| 005 |
20230308170951.0 |
| 008 |
000000|1981 ||||||||r|||||||||||spa|| |
| 020 |
|
|
|a 8432203718
|
| 040 |
|
|
|b spa
|
| 041 |
1 |
|
|a spa
|
| 082 |
0 |
|
|a 923
|
| 100 |
1 |
|
|a Franqui, Carlos
|9 59118
|
| 245 |
1 |
1 |
|a Retrato de familia con Fidel
|c Carlos Franqui
|h imp
|
| 264 |
|
|
|a Barcelona
|b Seix Barral
|c 1981
|
| 300 |
|
|
|a 550 páginas:
|c 19.5 cm
|
| 650 |
1 |
|
|a Castro fidel
|9 8173
|
| 650 |
1 |
|
|a Fidel castro
|9 24542
|
| 852 |
|
|
|a UC-CDJBV
|c TERCER PISO
|f Donación
|k guillermina.martinez
|l 1
|m General
|p 00000000
|q 1,995
|r 2
|t 85596
|b 0
|d CDRC
|e CDRC
|g 923 TERCER PISO
|z 0000-00-00
|
| 942 |
|
|
|c BK
|
| 999 |
|
|
|c 34397
|d 34397
|